Integración de la América Latina (Registro nro. 6689)

Detalles MARC
000 -LEADER
fixed length control field 01361 a2200409 4500
001 - CONTROL NUMBER
control field 59435
005 - DATE AND TIME OF LATEST TRANSACTION
control field 20260407155848.0
008 - FIXED-LENGTH DATA ELEMENTS--GENERAL INFORMATION
fixed length control field 260407a1964 arg spa d
003 - CONTROL NUMBER IDENTIFIER
control field AR-UNSa-BCEJYS
040 ## - CATALOGING SOURCE
Original cataloging agency AR-UNSa-BCEJYS
Language of cataloging spa
Transcribing agency AR-UNSa-BCEJYS
080 ## - UNIVERSAL DECIMAL CLASSIFICATION NUMBER
Universal Decimal Classification number 339.92
Common auxiliary subdivision Cooperación económica internacional. Integración económica internacional
041 ## - LANGUAGE CODE
Language code of text/sound track or separate title spa
100 1# - MAIN ENTRY--PERSONAL NAME
Personal name Wionczek, Miguel S.
245 10 - TITLE STATEMENT
Title Integración de la América Latina
Name of part/section of a work experiencias y perspectivas
264 #1 - PRODUCTION, PUBLICATION, DISTRIBUTION, MANUFACTURE, AND COPYRIGHT NOTICE
Place of production, publication, distribution, manufacture México :
Name of producer, publisher, distributor, manufacturer Fondo de Cultura Económica
Date of production, publication, distribution, manufacture, or copyright notice 1964
300 ## - PHYSICAL DESCRIPTION
Extent xxxi, 381 p.
Dimensions 21 cm.
505 ## - FORMATTED CONTENTS NOTE
Formatted contents note 1. Enfoques teóricos - 2. La asociación latinoamericana de libre comercio - 3. El programa de integración centroamericana
590 ## - LOCAL NOTE (RLIN)
Local note niveau_biblio:m niveau_hierar:0
700 1# - ADDED ENTRY--PERSONAL NAME
Personal name Balassa, Bela
700 1# - ADDED ENTRY--PERSONAL NAME
Personal name Linder, Staffan Burenstam
700 1# - ADDED ENTRY--PERSONAL NAME
Personal name Kitamura, Hiroshi
700 1# - ADDED ENTRY--PERSONAL NAME
Personal name Dell, Sidney
700 1# - ADDED ENTRY--PERSONAL NAME
Personal name Magariños, Gustavo
700 1# - ADDED ENTRY--PERSONAL NAME
Personal name Prebisch, Raúl
700 1# - ADDED ENTRY--PERSONAL NAME
Personal name García Reynoso, Plácido
700 1# - ADDED ENTRY--PERSONAL NAME
Personal name Tinbergen, Jan
700 1# - ADDED ENTRY--PERSONAL NAME
Personal name Angulo, Enrique
700 1# - ADDED ENTRY--PERSONAL NAME
Personal name Herrera, Felipe
700 1# - ADDED ENTRY--PERSONAL NAME
Personal name Mikesell, Raymond F.
700 1# - ADDED ENTRY--PERSONAL NAME
Personal name Galveas, Ernane
700 1# - ADDED ENTRY--PERSONAL NAME
Personal name Siegel, Barry N.
700 1# - ADDED ENTRY--PERSONAL NAME
Personal name Triffin, Robert
700 1# - ADDED ENTRY--PERSONAL NAME
Personal name Moscarella, Joseph
700 1# - ADDED ENTRY--PERSONAL NAME
Personal name Mills, Joseph C.
700 1# - ADDED ENTRY--PERSONAL NAME
Personal name González del Valle, Jorge
942 ## - ADDED ENTRY ELEMENTS (KOHA)
Koha item type
Existencias
Withdrawn status Lost status Damaged status Not for loan Home library Current library Shelving location Date acquired Total checkouts Full call number Barcode Date last seen Price effective from Koha item type
        Biblioteca Prof. Eusebio Cleto del Rey Biblioteca Prof. Eusebio Cleto del Rey   07/04/2026   339.92 W796 L21567 07/04/2026 07/04/2026 Libro
        Biblioteca Prof. Eusebio Cleto del Rey Biblioteca Prof. Eusebio Cleto del Rey   07/04/2026   339.92 W796 L21566 07/04/2026 07/04/2026 Libro